[Event "Challenge"]
[Site "http://www.queenalice.com/game.php?id=1125018"]
[Date "2012.11.22"]
[Round "-"]
[White "Kinicky"]
[Black "vickfa"]
[Result "1-0"]
[WhiteElo "1185"]
[BlackElo "1330"]

1. e4 c5 2. c4 Nc6 3. Nf3 g6 4. Bd3 e6 5. e5 Nh6 6. O-O Nd4 7. a3 Nxf3+ 8. Qxf3
Bg7 9. Qf4 g5 10. Qe3 Qe7 11. Be4 Ng4 12. Qg3 f5 13. Bd3 Bxe5 14. Qh3 Qf7 15.
Nc3 d5 16. b4 cxb4 17. axb4 dxc4 18. Bxc4 Bd7 19. Nb5 a6 20. Nc3 b5 21. Bd3 Rc8
22. Rxa6 Rc6 23. Bxb5 Rxa6 24. Bxa6 Bxc3 25. dxc3 O-O 26. Bxg5 Ra8 27. Be2 Rb8
28. Rd1 Rd8 29. Bxd8 Qg7 30. Rc1 Qg5 31. Rd1 Qxd8 32. b5 e5 33. b6 Qxb6 34. Qg3
Qc7 35. f3 h6 36. fxg4 fxg4 37. Bxg4 Qb6+ 38. Kf1 Qb5+ 39. Ke1 Qc4 40. Bxd7+ Kf8
41. Qxe5 h5 42. Qxh5 Qe4+ 43. Qe2 Qxe2+ 44. Kxe2 Kf7 45. c4 1-0

[Event "Challenge"]
[Site "http://www.queenalice.com/game.php?id=1130583"]
[Date "2012.12.12"]
[Round "-"]
[White "Nahid"]
[Black "vickfa"]
[Result "1-0"]
[WhiteElo "1950"]
[BlackElo "1324"]

1. d4 Nh6 2. Bxh6 gxh6 3. d5 d6 4. Qd4 Rg8 5. e4 c5 6. Qa4+ Qd7 7. Bb5 Nc6 8.
dxc6 bxc6 9. Bxc6 Qxc6 10. Qxc6+ Bd7 11. Qxa8+ Bc8 12. Qxc8# 1-0

[Event "Challenge"]
[Site "http://www.queenalice.com/game.php?id=1130585"]
[Date "2012.12.12"]
[Round "-"]
[White "antoniozla"]
[Black "vickfa"]
[Result "1-0"]
[WhiteElo "1621"]
[BlackElo "1289"]

1. e4 c5 2. Bc4 e6 3. Nf3 g6 4. d3 Bh6 5. Bxh6 Nxh6 6. Nc3 Nc6 7. Bb5 a6 8. Bxc6
bxc6 9. Ne5 d6 10. Ng4 Nxg4 11. Qxg4 f5 12. exf5 exf5 13. Qe2+ Qe7 14. Qxe7+
Kxe7 15. O-O Rf8 16. Rfe1+ Be6 17. Re2 Rf6 18. Rae1 Re8 19. Re3 f4 20. Rh3 d5
21. Rxh7+ Rf7 22. Rh6 c4 23. Rxg6 d4 24. Na4 cxd3 25. cxd3 a5 26. Nc5 Rf6 27.
Rxe6+ Rxe6 28. Rxe6+ Kf7 29. Rxe8 Kxe8 30. Ne6 1-0

[Event "Challenge"]
[Site "http://www.queenalice.com/game.php?id=1134837"]
[Date "2012.12.28"]
[Round "-"]
[White "mysticchess"]
[Black "vickfa"]
[Result "1-0"]
[WhiteElo "1701"]
[BlackElo "1274"]

1. e4 c5 2. d3 Nc6 3. c3 a6 4. Nf3 g6 5. Nbd2 Bg7 6. Nb3 Nh6 7. Nxc5 d6 8. Nb3
Qd7 9. h3 b5 10. Be3 e6 11. Be2 d5 12. Qc2 dxe4 13. dxe4 f5 14. Nc5 Qe7 15. b4
O-O 16. Bg5 Qf7 17. e5 Rb8 18. h4 Ng4 19. O-O Ra8 20. a4 Rb8 21. axb5 Bxe5 22.
bxc6 Bh2+ 23. Nxh2 Nxh2 24. Kxh2 f4 25. Ne4 f3 26. Bxf3 e5 27. Nf6+ Kg7 28. h5
h6 29. hxg6 Qxg6 30. Nh5+ Kh7 31. Qxg6+ Kxg6 32. Be7 Re8 33. c7 Rxe7 34. cxb8=Q
Re8 35. Qd6+ Kf7 36. Qf6+ Kg8 37. Qg7# 1-0

[Event "Challenge"]
[Site "http://www.queenalice.com/game.php?id=1134861"]
[Date "2012.12.28"]
[Round "-"]
[White "Narciso"]
[Black "vickfa"]
[Result "1-0"]
[WhiteElo "1233"]
[BlackElo "1308"]

1. g3 c5 2. d3 Nc6 3. e3 Nd4 4. exd4 cxd4 5. Qg4 e6 6. Bg5 f6 7. Bh4 Nh6 8. Qxd4
e5 9. Qe4 a6 10. Be2 Nf7 11. Bh5 g6 12. Be2 Qa5+ 13. c3 Qd8 14. f4 d6 15. d4 Bf5
16. Qe3 Ng5 17. fxg5 fxg5 18. Bxg5 Be7 19. Na3 1-0

[Event "Challenge"]
[Site "http://www.queenalice.com/game.php?id=1135361"]
[Date "2012.12.29"]
[Round "-"]
[White "vickfa"]
[Black "Lintz"]
[Result "1/2-1/2"]
[WhiteElo "1268"]
[BlackElo "1837"]

1. b3 e5 2. e3 d5 3. Bb5+ c6 4. Be2 g6 5. Bb2 Bg7 6. Nc3 Nf6 7. h3 e4 8. d3 O-O
9. Ba3 Re8 10. dxe4 dxe4 11. Qxd8 Rxd8 12. f3 exf3 13. gxf3 a6 14. Bf1 Nd5 15.
Nge2 Nxc3 16. Bb2 Nxe2 17. Bxg7 Kxg7 18. Bxe2 b5 19. Bf1 Bb7 20. Rd1 Rxd1+ 21.
Kxd1 Nd7 22. Rg1 c5 23. Bd3 Bxf3+ 24. Kd2 Ne5 25. Rf1 Rd8 26. c4 Be4 27. cxb5
Bxd3 28. Rd1 Bxb5+ 29. Kc1 Rxd1+ 30. Kxd1 a5 31. Kc1 h5 32. e4 c4 33. bxc4 Bxc4
34. a3 a4 35. Kd2 f5 36. exf5 gxf5 37. Kc3 f4 38. Kd4 f3 39. Kxe5 f2 40. Kd4
f1=Q 41. h4 Qf4+ 42. Kc3 Qxh4 43. Kb4 Bf7+ 44. Ka5 Bb3 1/2-1/2

[Event "Challenge"]
[Site "http://www.queenalice.com/game.php?id=1152101"]
[Date "2013.2.15"]
[Round "-"]
[White "vickfa"]
[Black "R0ni"]
[Result "0-1"]
[WhiteElo "1286"]
[BlackElo "2663"]

1. b3 d5 2. Na3 e5 3. e3 Nf6 4. Bb5+ c6 5. Be2 Bd6 6. h3 O-O 7. Bb2 Bf5 8. f3
Nh5 9. e4 Qh4+ 10. Kf1 Ng3+ 11. Kf2 Nxh1+ 12. Kf1 Qf2# 0-1

[Event "Olá!"]
[Site "http://www.queenalice.com/game.php?id=1152107"]
[Date "2013.2.15"]
[Round "-"]
[White "lala"]
[Black "vickfa"]
[Result "1-0"]
[WhiteElo "1489"]
[BlackElo "1282"]

1. d4 e6 2. c4 g6 3. c5 Nh6 4. e3 b6 5. b4 Bb7 6. Ne2 bxc5 7. bxc5 Bg7 8. Ng3 c6
9. Be2 Qa5+ 10. Bd2 Nf5 11. Bxa5 Na6 12. Ne4 O-O 13. O-O Rac8 14. Nbd2 Ne7 15.
Ng3 Nf5 16. Nde4 Nxg3 17. Nxg3 d5 18. Rb1 Rb8 19. a4 f5 20. Bf3 Rbc8 21. Rxb7
Bh6 22. Rxa7 Nb8 23. Bc7 Bg7 24. Bxb8 1-0

[Event "reChallenge"]
[Site "http://www.queenalice.com/game.php?id=1153333"]
[Date "2013.2.19"]
[Round "-"]
[White "R0ni"]
[Black "vickfa"]
[Result "1-0"]
[WhiteElo "2666"]
[BlackElo "1270"]

1. e4 b5 2. Bxb5 c6 3. Ba4 e6 4. Nf3 g6 5. d3 Bb4+ 6. c3 Be7 7. O-O Ba6 8. Be3
Nf6 9. Re1 Ng4 10. Bd4 Bf6 11. Bxf6 Nxf6 12. e5 Nd5 13. c4 Nb4 14. a3 Nd5 15.
cxd5 cxd5 16. Nc3 O-O 17. Qd2 Nc6 18. Qh6 Rb8 19. Ng5 1-0

[Event "Challenge"]
[Site "http://www.queenalice.com/game.php?id=1156436"]
[Date "2013.3.1"]
[Round "-"]
[White "Maraz"]
[Black "vickfa"]
[Result "0-1"]
[WhiteElo "1465"]
[BlackElo "1256"]

1. d4 e6 2. e4 Bb4+ 3. c3 Be7 4. Bc4 Nc6 5. Bb5 a6 6. Ba4 b5 7. d5 bxa4 8. Qxa4
exd5 9. exd5 Bb7 10. dxc6 dxc6 11. b4 g6 12. Qa5 Nh6 13. Bxh6 Bf8 14. Qe5+ Qe7
15. Bf4 Qxe5+ 16. Bxe5 Rg8 17. Nf3 Bd6 18. Bxd6 cxd6 19. Nbd2 c5 20. bxc5 dxc5
21. O-O Bxf3 22. Rfe1+ Be4 23. Rxe4+ Kd8 24. Nc4 a5 25. Nd6 Rb8 26. Nxf7+ Kc8
27. Re7 g5 28. Rd1 h6 29. Nxh6 Rg6 30. Ng4 c4 31. Rd5 Rb1+ 32. Rd1 Rxd1+ 33. Re1
Rxe1# 0-1

[Event "Challenge"]
[Site "http://www.queenalice.com/game.php?id=1156437"]
[Date "2013.3.1"]
[Round "-"]
[White "vickfa"]
[Black "Maraz"]
[Result "1-0"]
[WhiteElo "1294"]
[BlackElo "1441"]

1. e3 d5 2. Bb5+ Bd7 3. Be2 h5 4. b3 g6 5. Bb2 Rh6 6. Nh3 Nf6 7. Na3 Nc6 8. Bf3
e5 9. O-O Bxh3 10. gxh3 h4 11. c3 Qd7 12. Nb5 Bd6 13. Nxd6+ cxd6 14. Bg4 Qc7 15.
Bf3 e4 16. Bg2 Ne5 17. c4 Nd3 18. Bxf6 g5 19. Bxg5 Rg6 20. f4 exf3 21. Bxf3
Rxg5+ 22. Bg4 dxc4 23. bxc4 Qxc4 24. Rc1 Qe4 25. Qf3 Qxf3 26. Rxf3 Nxc1 27. Rf5
Ne2+ 28. Kg2 Rxf5 29. Bxf5 Ke7 30. Bg4 Rg8 31. e4 Nc3 32. dxc3 Rc8 33. Bxc8 Kd8
34. Bxb7 Kc7 35. Bd5 f6 36. c4 Kb6 37. a3 a5 38. Kf2 a4 39. Kf3 Kc5 40. Kg4 Kd4
41. Be6 Kc3 42. Kxh4 Kb3 43. c5+ Kxa3 44. cxd6 Kb2 45. d7 a3 46. d8=Q a2 47.
Bxa2 Kxa2 48. Qf8 f5 49. exf5 Kb2 50. f6 Kc2 51. f7 Kd2 52. Qd8+ Ke3 53. f8=Q
Ke4 54. Kg4 Ke5 55. h4 Ke6 56. h5 Ke5 57. h6 Ke6 58. h7 Ke5 59. h8=Q+ Ke6 60.
Qh7 Ke5 61. h4 Ke6 62. Qff5# 1-0

[Event "Challenge"]
[Site "http://www.queenalice.com/game.php?id=1156936"]
[Date "2013.3.2"]
[Round "-"]
[White "Daniel49"]
[Black "vickfa"]
[Result "1-0"]
[WhiteElo "1269"]
[BlackElo "1272"]

1. Nc3 c5 2. e4 Nc6 3. Nd5 e6 4. g4 b6 5. c4 exd5 6. cxd5 Nb4 7. a3 Ba6 8. axb4
Bxf1 9. Kxf1 cxb4 10. b3 Ne7 11. Qf3 g6 12. g5 Bg7 13. d6 Bxa1 14. Qg4 Bg7 15.
h4 f5 16. Qf4 O-O 17. exf5 Nxf5 18. h5 gxh5 19. Qxb4 Qb8 20. g6 hxg6 21. d4 Nxd4
22. Bf4 Rxf4 23. Nh3 Nc2 24. Qd2 Rf3 25. Nf4 Be5 26. Qxc2 Bxf4 27. Qxg6+ Kf8 28.
Rxh5 Rxb3 29. Qf6+ Ke8 30. Rh8# 1-0

[Event "Jogo do UAI!!!"]
[Site "http://www.queenalice.com/game.php?id=1163780"]
[Date "2013.3.22"]
[Round "-"]
[White "vickfa"]
[Black "Lintz"]
[Result "1/2-1/2"]
[WhiteElo "1280"]
[BlackElo "1805"]

1. b3 b6 2. Bb2 d5 3. d3 c5 4. Na3 d4 5. e4 dxe3 6. fxe3 Bb7 7. Nf3 e6 8. Be2
Nf6 9. Ne5 Bxg2 10. Rg1 Bb7 11. Bf3 Bxf3 12. Nxf3 Nc6 13. Nc4 h6 14. Nce5 Nxe5
15. Nxe5 Nd7 16. Nxd7 Qxd7 17. Qf3 Rd8 18. e4 Rg8 19. Rb1 b5 20. Rg3 c4 21. bxc4
bxc4 22. Rg2 cxd3 23. cxd3 Qxd3 24. Qxd3 Rxd3 25. a3 Rd8 26. h3 Rb8 27. Re2 Bxa3
28. e5 Ke7 29. Rc2 Bxb2 30. Rcxb2 Rxb2 31. Rxb2 Ra8 32. Rb7+ Kf8 33. h4 a5 34.
Rb2 f6 35. Rf2 f5 36. h5 a4 1/2-1/2

[Event "Challenge"]
[Site "http://www.queenalice.com/game.php?id=1178627"]
[Date "2013.5.5"]
[Round "-"]
[White "vickfa"]
[Black "lusobrpe"]
[Result "0-1"]
[WhiteElo "1314"]
[BlackElo "1575"]

1. e3 d5 2. Be2 e5 3. d4 e4 4. b3 Bb4+ 5. Bd2 Bxd2+ 6. Nxd2 Nf6 7. Bb5+ c6 8.
Be2 Na6 9. Nh3 Bxh3 10. gxh3 O-O 11. Nf1 Qd7 12. Qd2 b5 13. Qc3 b4 14. Qb2 Qxh3
15. O-O-O Ng4 16. Ng3 Nxf2 17. Qb1 Nxd1 18. Bxd1 Qg2 19. Re1 Qxh2 20. Ne2 h5 21.
Qb2 h4 22. Nf4 Qg3 23. Re2 h3 24. c4 h2 25. cxd5 cxd5 26. Qd2 h1=Q 27. Ng2 Rac8+
28. Qc2 Rxc2+ 29. Rxc2 Qhxg2 30. Rxg2 Qxg2 31. Bc2 Rc8 32. a4 Qxc2# 0-1

[Event "Challenge"]
[Site "http://www.queenalice.com/game.php?id=1180963"]
[Date "2013.5.13"]
[Round "-"]
[White "vickfa"]
[Black "Lintz"]
[Result "1/2-1/2"]
[WhiteElo "1316"]
[BlackElo "1861"]

1. e4 e5 2. Be2 Nf6 3. d3 Nc6 4. Nc3 d5 5. Nxd5 Nxd5 6. Nf3 Nf6 7. Be3 b6 8. O-O
Bd6 9. b3 Bb7 10. Qd2 a5 11. Qc3 O-O 12. Bc1 Ba6 13. Qd2 Bc5 14. Bb2 Bd4 15.
Nxd4 Nxd4 16. Bxd4 exd4 17. Bf3 Bb7 18. Rae1 c5 1/2-1/2

[Event "Challenge"]
[Site "http://www.queenalice.com/game.php?id=1191885"]
[Date "2013.6.17"]
[Round "-"]
[White "Enzo1945"]
[Black "vickfa"]
[Result "1-0"]
[WhiteElo "1404"]
[BlackElo "1338"]

1. e4 c5 2. Nc3 Nc6 3. Bc4 e6 4. Nf3 Be7 5. O-O d6 6. d3 Nf6 7. Be3 Bd7 8. d4 d5
9. e5 dxc4 10. exf6 Bxf6 11. dxc5 a6 12. Qe2 Ne5 13. h3 Bc6 14. Nxe5 Bxe5 15. a3
O-O 16. Rfd1 Qe7 17. Ne4 Bxe4 18. f3 Bg6 19. Qxc4 Rac8 20. c3 Bc2 21. Rdc1 Bf5
22. f4 Bf6 23. Bd4 b5 24. Qe2 Bxd4+ 25. cxd4 a5 26. g4 Bg6 27. b4 axb4 28. axb4
f5 29. gxf5 Bxf5 30. Qxb5 Be4 31. Re1 Bc6 32. Qa6 Qd7 33. Qe2 g6 34. Red1 Ra8
35. Rab1 Bb5 36. Qe4 Bc6 37. Qe5 Qg7 38. Qxe6+ Kh8 39. Qxc6 Rac8 40. Qf3 Rc7 41.
d5 Rcf7 42. d6 h5 43. d7 Rxd7 44. Qc6 Rfd8 45. Kf2 1-0

[Event "Challenge"]
[Site "http://www.queenalice.com/game.php?id=1192160"]
[Date "2013.6.18"]
[Round "-"]
[White "alexsandrob3478"]
[Black "vickfa"]
[Result "1-0"]
[WhiteElo "1843"]
[BlackElo "1308"]

1. d4 d5 2. c4 Nc6 3. Nc3 e6 4. Nf3 Bd7 5. e3 Qe7 6. a3 g6 7. Be2 Nh6 8. h3 Bg7
9. Bd2 O-O 10. O-O Rac8 11. Rc1 a6 12. b4 b5 13. cxb5 axb5 14. Nxb5 Nd8 15. Rxc7
1-0

[Event "Challenge"]
[Site "http://www.queenalice.com/game.php?id=1193295"]
[Date "2013.6.22"]
[Round "-"]
[White "vickfa"]
[Black "Lintz"]
[Result "0-1"]
[WhiteElo "1340"]
[BlackElo "1857"]

1. e3 d5 2. d4 c5 3. Bd2 cxd4 4. exd4 Nc6 5. Be2 Nxd4 6. Bd3 e5 7. Ne2 Nxe2 8.
Bxe2 Nf6 9. Na3 Bxa3 10. bxa3 Bd7 11. Rb1 Bc6 12. Bd3 O-O 13. Qe2 a6 14. Rb3 b5
15. O-O e4 16. Bxe4 dxe4 17. Rc3 Bb7 18. Rg3 Qd5 19. a4 Qxa2 20. Rxg7+ Kxg7 21.
Bf4 Qe6 22. Re1 Rfe8 23. c3 bxa4 24. c4 Qc6 25. Rc1 Nd5 26. Bg3 e3 27. f4 f5 28.
Be1 Nxf4 29. Qf1 e2 30. Qxf4 Qxg2# 0-1

[Event "Challenge"]
[Site "http://www.queenalice.com/game.php?id=1207452"]
[Date "2013.8.12"]
[Round "-"]
[White "VFA2013"]
[Black "vickfa"]
[Result "1/2-1/2"]
[WhiteElo "2031"]
[BlackElo "1326"]

1. d4 Nf6 2. c4 d6 3. Nc3 Bd7 4. e4 Nc6 5. Bg5 Bg4 6. Nf3 Bxf3 7. Qxf3 h6 8.
Bxf6 gxf6 9. Qd1 Bg7 10. Be2 e6 11. Qd2 Bf8 12. O-O-O Qe7 13. d5 exd5 14. exd5
Ne5 15. Rhe1 f5 16. f4 Nxc4 17. Bxc4 Bg7 18. Rxe7+ Kxe7 19. Qe3+ 1/2-1/2

[Event "Challenge"]
[Site "http://www.queenalice.com/game.php?id=1219044"]
[Date "2013.9.23"]
[Round "-"]
[White "Ana_Cris"]
[Black "vickfa"]
[Result "1-0"]
[WhiteElo "1488"]
[BlackElo "1325"]

1. c4 c5 2. Na3 Nc6 3. Qc2 g6 4. g3 Bg7 5. Qd3 Nb4 6. Qf3 Nc6 7. Nh3 Nh6 8. Nf4
d6 9. e3 Ng4 10. h3 Nge5 11. Qe2 Bd7 12. Bg2 g5 13. Nd5 O-O 14. b3 e6 15. Nc3
Qe7 16. Ne4 a6 17. Bb2 Rac8 18. d4 b5 19. dxe5 Nxe5 20. cxb5 Rb8 21. O-O axb5
22. Rfd1 Rb6 23. Qh5 b4 24. Nc4 Nxc4 25. Bxg7 Ne5 26. Bxf8 Qxf8 27. Nf6+ Kh8 28.
Qxh7# 1-0

[Event "Challenge"]
[Site "http://www.queenalice.com/game.php?id=1226505"]
[Date "2013.10.23"]
[Round "-"]
[White "Lintz"]
[Black "vickfa"]
[Result "1/2-1/2"]
[WhiteElo "1877"]
[BlackElo "1316"]

1. e4 c5 2. b3 Nc6 3. Bb2 e5 4. Nf3 Be7 5. d3 Nf6 6. Nc3 Nd4 7. Be2 d6 8. Nd5
Nxd5 9. exd5 Nxf3+ 10. Bxf3 Bf5 11. Be4 Bd7 12. c3 Bc8 13. O-O b5 14. f3 a6 15.
d4 Bf6 16. c4 exd4 17. Re1 Ra7 18. Bxh7+ Re7 19. Bd3 g6 20. Bxg6 fxg6 21. Rxe7+
Qxe7 22. Qe1 Qxe1+ 23. Rxe1+ Be5 24. g3 1/2-1/2